000 01570cam a2200349 a 4500
999 _c234822
_d234822
001 13654390
003 Nust
005 20170330200211.0
008 040714s2004 nyu 000 1 eng
010 _a 2004056827
020 _a9780349117423
040 _aDLC
_cDLC
_dDLC
043 _af-bs---
050 0 0 _aPR6063.C326
_bI5 2004
082 0 0 _a823.914
_bSMI
100 1 _aMcCall Smith, Alexander,
_d1948-
245 1 0 _aIn the company of cheerful ladies /
_cAlexander McCall Smith.
250 _a1st American ed.
260 _aNew York :
_bPantheon Books
_c2004.
300 _a264 p. ;
_c22 cm.
490 1 _aNo. 1 Ladies' Detective Agency series
600 1 0 _aRamotswe, Precious
_c(Fictitious character)
_vFiction.
650 0 _aNo. 1 Ladies' Detective Agency (Imaginary organization)
_vFiction.
650 0 _aWomen private investigators
_zBotswana
_vFiction.
651 0 _aBotswana
_vFiction.
655 7 _aMystery fiction.
_2gsafd
800 1 _aMcCall Smith, Alexander,
_d1948-
_tNo. 1 Ladies' Detective Agency series.
856 4 2 _3Contributor biographical information
_uhttp://www.loc.gov/catdir/enhancements/fy0618/2004056827-b.html
856 4 2 _3Publisher description
_uhttp://www.loc.gov/catdir/enhancements/fy0618/2004056827-d.html
856 4 1 _3Sample text
_uhttp://www.loc.gov/catdir/enhancements/fy0618/2004056827-s.html
906 _a7
_bcbc
_corignew
_d1
_eocip
_f20
_gy-gencatlg
942 _2ddc
_cBK